Do outro lado do quadro (Registo nº 432)

Detalhes MARC
000 -Etiqueta do registo
Cabeçalho 00673nam0a2200253 4500
005 - Identificador da versão
Campo de controlo 20240813121803.0
010 ## - Número internacional normalizado dos livros (ISBN)
Número (ISBN) 972412262X
021 ## - Número do Depósito Legal
Código do país PT
Número 149289/00
100 ## - Dados gerais de processamento
Dados gerais de processamento 20151029d2000 d y0pory5003 ba
102 ## - Pais de publicação ou produção
País de publicação Portugal
101 0# - Língua de publicação
Língua do texto, banda sonora, etc. Português
215 ## - Descrição física 
Indicação específica da natureza do documento e extensão da espécie 47, [1] p.
Outras indicações físicas il. color
200 1# - Titulo e menção de responsabilidade
Título próprio Do outro lado do quadro
Primeira menção de responsabilidade Mónica Baldaque
225 2# - Colecção 
Título próprio da colecção Asa juvenil
Nome de uma parte ou secção Série azul
205 ## - Menção da edição
Menção da edição 1ª ed
210 ## - Publicação, Distribuição, etc. 
Lugar da edição, distribuição, etc. Porto
Nome do editor, distribuidor, etc. Asa
Data da publicação, distribuição, etc. 2000
606 ## - Nome comum usado como assunto
Número de registo de entrada de autoridade 0002648
Palavra de ordem Museu
Subdivisão de assunto Museu Soares dos Reis
Código do sistema CA
675 ## - Classificação Decimal Universal (CDU)
Notação 069.5
Edição 3ª ed.
Língua da edição por
700 ## - Nome de autor-pessoa física (responsabilidade principal)
Número de registo de entrada de autoridade 0000507
Palavra de ordem Baldaque
Outra parte do nome não tomada para palavra de ordem Mónica
Datas 1944-
966 ## - Identificação da Biblioteca
Sigla EB2,3ENM
942 ## - Elementos de entrada adicionados (Koha)
Tipo de item no Koha Livro
Exemplares
Situação do levantamento Origin of item (home branch) (coded) Biblioteca de empréstimo Código de barras Cota Circulation type (not for loan) Tipo de documento Nota do exemplar Damaged status
  Biblioteca Escolar Eng. Nuno Mergulhão Biblioteca Escolar Eng. Nuno Mergulhão BENM888 06 BAL   Livro Sem mensagem